[Event "Russian Championship G11 1st league 2016"]
[Site "Loo"]
[Date "2016.04.23"]
[Round "4.3"]
[White "Sosnina, Nadezhda"]
[Black "Volkorez, Ruslana"]
[Result "1/2-1/2"]
[WhiteElo "1555"]
[BlackElo "1228"]
[PlyCount "102"]
[EventDate "2016.04.20"]

1. e4 c5 2. Nf3 d6 3. c3 Nc6 4. h3 Nf6 5. Bd3 Bd7 6. Bc2 g6 7. O-O Bg7 8. d4
cxd4 9. cxd4 O-O 10. Nc3 Rc8 11. Be3 Nb4 12. Bb3 a5 13. a3 Na6 14. Nd2 b5 15.
f4 b4 16. Ne2 Bc6 17. Ng3 bxa3 18. bxa3 d5 19. e5 Ne4 20. Ndxe4 dxe4 21. f5 Kh8
22. Qg4 Bb7 23. Nxe4 Rc6 24. d5 gxf5 25. Qxf5 Rg6 26. Nc5 Nxc5 27. Bxc5 Bxd5
28. Bxd5 Qxd5 29. Qf2 Rg8 30. Rad1 Rxg2+ 31. Qxg2 Qxc5+ 32. Qf2 Bxe5+ 33. Kh1
Qc6+ 34. Qf3 Qc8 35. Rg1 Rf8 36. Rde1 Bf4 37. Qxf4 Qxh3+ 38. Qh2 Qf3+ 39. Rg2
Rg8 40. Kg1 Rd8 41. Qe5+ f6 42. Qxe7 Rg8 43. Rxg8+ Kxg8 44. Qe6+ Kg7 45. Qd7+
Kg6 46. Qe8+ Kh6 47. Qf8+ Kg6 48. Qg8+ Kh6 49. Qg2 Qxa3 50. Qd2+ Kg6 51. Kh2
Qa4 1/2-1/2

[Event "Russian Championship G11 1st league 2016"]
[Site "Loo"]
[Date "2016.04.23"]
[Round "4.4"]
[White "Borodkina, Sofia"]
[Black "Mutina, Ksenia"]
[Result "1/2-1/2"]
[WhiteElo "1415"]
[BlackElo "1302"]
[PlyCount "103"]
[EventDate "2016.04.20"]

1. e4 e6 2. d4 d5 3. e5 c5 4. c3 Qb6 5. Nf3 Nc6 6. a3 c4 7. Be2 Bd7 8. Qc2 Nge7
9. Nbd2 Na5 10. O-O O-O-O 11. Rb1 Nb3 12. Nxb3 Qxb3 13. Qxb3 cxb3 14. Bd1 Bb5
15. Re1 Bd3 16. Ra1 Nc6 17. Bxb3 Na5 18. Bd1 Re8 19. b4 Nc6 20. Re3 Be4 21. a4
b6 22. Be2 g6 23. Ba6+ Kb8 24. Nd2 Bh6 25. Re1 Bf5 26. a5 bxa5 27. bxa5 Kc7 28.
Nf3 Bg7 29. Ba3 f6 30. exf6 Bxf6 31. Bb5 Rb8 32. Bxc6 Kxc6 33. h3 h5 34. Bb4 g5
35. Ne5+ Bxe5 36. Rxe5 g4 37. h4 Rbg8 38. g3 Rg6 39. Re2 Rf6 40. Bc5 a6 41. Rb2
Bd3 42. Rb6+ Kd7 43. Re1 Rhh6 44. Bd6 Rf3 45. Bf4 Rf6 46. Re3 Rxe3 47. fxe3 Rf8
48. Rd6+ Ke7 49. Rc6 Kd7 50. Rd6+ Ke7 51. Rc6 Kd7 52. Rd6+ 1/2-1/2

[Event "Russian Championship G11 1st league 2016"]
[Site "Loo"]
[Date "2016.04.23"]
[Round "4.5"]
[White "Anchikova, Olga"]
[Black "Lesnykh, Zhanna"]
[Result "0-1"]
[WhiteElo "1217"]
[BlackElo "1391"]
[PlyCount "74"]
[EventDate "2016.04.20"]

1. d4 d5 2. c4 e6 3. Nc3 Nf6 4. Bg5 Nbd7 5. Nf3 c6 6. e3 Qa5 7. Nd2 Bb4 8. Qc2
Bxc3 9. bxc3 O-O 10. Be2 Qc7 11. O-O b6 12. cxd5 cxd5 13. Nf3 Bb7 14. Rac1 Rac8
15. c4 Ba6 16. Nd2 dxc4 17. Nxc4 Bxc4 18. Qxc4 Qxc4 19. Rxc4 Rxc4 20. Bxc4 Rc8
21. Bb5 h6 22. Bh4 g5 23. Bg3 Nf8 24. f3 Nd5 25. Re1 Nc3 26. a4 Nxb5 27. axb5
Ng6 28. h3 Rc3 29. Bb8 Rb3 30. Bxa7 Rxb5 31. Rc1 Rb3 32. Rc8+ Kg7 33. Kf2 Rb2+
34. Kg3 Nh4 35. Kh2 Nxf3+ 36. Kh1 Rb1+ 37. Rc1 Rxc1# 0-1

[Event "Russian Championship G11 1st league 2016"]
[Site "Loo"]
[Date "2016.04.23"]
[Round "4.6"]
[White "Fedoricheva, Ekaterina"]
[Black "Zavivaeva, Evelina"]
[Result "1-0"]
[WhiteElo "1387"]
[BlackElo "1217"]
[PlyCount "81"]
[EventDate "2016.04.20"]

1. Nf3 d5 2. g3 c6 3. Bg2 Nf6 4. O-O Bg4 5. d3 Nbd7 6. Nbd2 e5 7. e4 Bd6 8. h3
Bh5 9. Re1 O-O 10. Nf1 d4 11. g4 Bg6 12. Ng3 h6 13. Rf1 Ne8 14. g5 h5 15. Nh4
Kh7 16. Nxh5 Nc7 17. Nf5 Bxf5 18. exf5 Nd5 19. Be4 g6 20. f6 Kg8 21. h4 Nc5 22.
Bxd5 cxd5 23. Ng3 Qd7 24. Kg2 Ne6 25. h5 Nf4+ 26. Bxf4 exf4 27. hxg6 fxg6 28.
Nh5 gxh5 29. Qxh5 Qh7 30. Qg4 Qc7 31. Qe6+ Qf7 32. Qxd6 f3+ 33. Kg3 Rfd8 34.
Qf4 Rac8 35. Rac1 Qh5 36. Rh1 Qf7 37. Rh6 Qe6 38. f7+ Qxf7 39. Rh8+ Kxh8 40.
Qxf7 Rb8 41. Rh1# 1-0

[Event "Russian Championship G11 1st league 2016"]
[Site "Loo"]
[Date "2016.04.23"]
[Round "4.7"]
[White "Krasnikova, Regina"]
[Black "Kiryanova, Kristina"]
[Result "0-1"]
[WhiteElo "1371"]
[BlackElo "1100"]
[PlyCount "80"]
[EventDate "2016.04.20"]

1. e4 d5 2. exd5 Nf6 3. d4 Nxd5 4. c4 Nf6 5. Nf3 g6 6. Be2 Bg7 7. O-O O-O 8.
Nc3 c6 9. Be3 Qc7 10. h3 Nbd7 11. Qd2 Rd8 12. Rac1 b6 13. Bf4 Qb7 14. d5 cxd5
15. Nxd5 Nxd5 16. cxd5 Nf6 17. Ne5 Qxd5 18. Bf3 Qxd2 19. Bxd2 Ba6 20. Rfd1 Rac8
21. Bb4 Rxc1 22. Rxc1 e6 23. Rc7 Nd5 24. Nc6 Nxc7 25. Nxd8 Bxb2 26. Bd6 Nd5 27.
Bb8 Bc4 28. Bxa7 Bxa2 29. Nc6 b5 30. Nd4 b4 31. Bc5 Bc3 32. Bd1 Nf4 33. Bc2
Bxd4 34. Bxd4 Ne2+ 35. Kf1 Nxd4 36. Bd3 b3 37. Bc4 Nc2 38. Ke2 Na3 39. Bd3 b2
40. Kd2 b1=Q 0-1

[Event "Russian Championship G11 1st league 2016"]
[Site "Loo"]
[Date "2016.04.23"]
[Round "4.8"]
[White "Romanenkova, Ekaterina"]
[Black "Dorokhina, Elizaveta"]
[Result "1-0"]
[WhiteElo "1216"]
[BlackElo "1344"]
[PlyCount "55"]
[EventDate "2016.04.20"]

1. e4 c5 2. Nf3 d6 3. Bc4 Nf6 4. Nc3 g6 5. d3 Bg7 6. Bg5 O-O 7. O-O Bd7 8. Qd2
Nc6 9. Bh6 a6 10. Bxg7 Kxg7 11. Ng5 Ne5 12. Nd5 h6 13. Nxf6 exf6 14. Nf3 Nxf3+
15. gxf3 Bh3 16. Rfe1 f5 17. exf5 gxf5 18. Kh1 Kh7 19. Rg1 Rg8 20. Bxf7 Rg5 21.
Rxg5 hxg5 22. Rg1 g4 23. fxg4 fxg4 24. Qf4 Qe7 25. Qf5+ Kh8 26. Qh5+ Kg7 27.
Qg6+ Kh8 28. Qh6# 1-0

[Event "Russian Championship G11 1st league 2016"]
[Site "Loo"]
[Date "2016.04.23"]
[Round "4.10"]
[White "Donchenko, Ekaterina"]
[Black "Bodrykh, Maya"]
[Result "1/2-1/2"]
[WhiteElo "1421"]
[BlackElo "1022"]
[PlyCount "81"]
[EventDate "2016.04.20"]

1. c4 e5 2. Nc3 g6 3. g3 Bg7 4. Bg2 d6 5. Nf3 f5 6. d3 Nf6 7. O-O O-O 8. Rb1 h6
9. b4 c6 10. b5 cxb5 11. Nxb5 a6 12. Nc3 Nc6 13. Ba3 Re8 14. Qb3 Kh8 15. Qa4
Bd7 16. Bxd6 Nd4 17. Qd1 Nxf3+ 18. Bxf3 Bc6 19. Bxc6 bxc6 20. Ba3 Rb8 21. Qc2
Rxb1 22. Rxb1 e4 23. dxe4 Nxe4 24. Nxe4 Rxe4 25. e3 Qg8 26. c5 Rc4 27. Qb3 Rc3
28. Qa4 Qxa2 29. Rb8+ Kh7 30. Qxc6 Qxa3 31. Qe8 Qa2 32. Qd7 Rxc5 33. Rb7 Qg8
34. Qd6 Qd5 35. Rxg7+ Kxg7 36. Qe7+ Kh8 37. Qf8+ Kh7 38. Qe7+ Kg8 39. Qe8+ Kg7
40. Qe7+ Kh8 41. Qf8+ 1/2-1/2

[Event "Russian Championship G11 1st league 2016"]
[Site "Loo"]
[Date "2016.04.23"]
[Round "4.11"]
[White "Aleshina, Arina"]
[Black "Nuritdinova, Ilzira"]
[Result "0-1"]
[WhiteElo "1118"]
[BlackElo "1353"]
[PlyCount "94"]
[EventDate "2016.04.20"]

1. e4 c6 2. d4 d5 3. exd5 cxd5 4. c4 Bf5 5. Nc3 Nf6 6. Nf3 e6 7. cxd5 exd5 8.
Qb3 Qb6 9. Nxd5 Qe6+ 10. Ne3 Qxb3 11. axb3 Bg6 12. Bc4 Bd6 13. O-O O-O 14. Ne5
Re8 15. Nxg6 hxg6 16. Bd2 a6 17. Rfe1 Nc6 18. Nd5 Nxd4 19. Nxf6+ gxf6 20. Rac1
Be5 21. Re3 Nf5 22. Re4 Bxb2 23. Rce1 Rxe4 24. Rxe4 Nd6 25. Rf4 Nxc4 26. Rxc4
Rd8 27. Bc1 Bxc1 28. Rxc1 Rd2 29. h3 Rd3 30. b4 Rd4 31. Rb1 Kf8 32. b5 a5 33.
Re1 Rb4 34. Kh2 Rxb5 35. g4 Re5 36. Rb1 b5 37. Ra1 b4 38. f4 Rb5 39. Kg3 b3 40.
h4 b2 41. Rb1 a4 42. h5 a3 43. g5 fxg5 44. hxg6 fxg6 45. fxg5 a2 46. Rxb2 Rxb2
47. Kf3 a1=Q 0-1

[Event "Russian Championship G11 1st league 2016"]
[Site "Loo"]
[Date "2016.04.23"]
[Round "4.12"]
[White "Sautina, Elizaveta"]
[Black "Abdrashitova, Kamila"]
[Result "0-1"]
[WhiteElo "1017"]
[BlackElo "1341"]
[PlyCount "52"]
[EventDate "2016.04.20"]

1. e4 c5 2. g3 g6 3. Bg2 Bg7 4. Nc3 Nc6 5. d3 e6 6. Be3 d6 7. Nge2 Nge7 8. Qd2
O-O 9. O-O-O Rb8 10. Bh6 b5 11. a3 a5 12. Na2 a4 13. h4 b4 14. axb4 cxb4 15. h5
b3 16. hxg6 fxg6 17. Nac3 Rf7 18. Nxa4 bxc2 19. Kxc2 Nb4+ 20. Kb1 Bd7 21. Nac3
Qa5 22. e5 Bxe5 23. d4 Bg7 24. Bf4 Rb6 25. Ne4 Qa2+ 26. Kc1 Qa1# 0-1

[Event "Russian Championship G11 2016"]
[Site "Loo"]
[Date "2016.04.23"]
[Round "4.1"]
[White "Krupnova, Anna"]
[Black "Zvereva, Margarita"]
[Result "0-1"]
[WhiteElo "1591"]
[BlackElo "1768"]
[PlyCount "120"]
[EventDate "2016.04.20"]

1. e4 c5 2. Nf3 d6 3. d4 cxd4 4. Nxd4 Nf6 5. Nc3 a6 6. Be2 e5 7. Nb3 Be7 8. Be3
Be6 9. O-O O-O 10. Nd5 Nbd7 11. f3 Bxd5 12. exd5 b5 13. a4 Nb6 14. axb5 Nbxd5
15. Bf2 axb5 16. Bxb5 Nc7 17. Bc6 Rxa1 18. Qxa1 d5 19. Rd1 Qd6 20. Bc5 Qxc6 21.
Bxe7 Re8 22. Bxf6 Qxf6 23. Qa5 Qc6 24. Qd2 g6 25. Nc1 Qb6+ 26. Qf2 Qxb2 27. Qc5
Qb7 28. Nb3 Ne6 29. Qxd5 Qb6+ 30. Kh1 Rd8 31. Qxd8+ Nxd8 32. h3 Ne6 33. Kh2 Nd4
34. Nxd4 exd4 35. Kh1 Qb2 36. Kh2 Kg7 37. Kh1 Kf6 38. f4 Kf5 39. Kh2 Ke4 40.
Re1+ Kd5 41. Re8 Qxc2 42. Rd8+ Ke4 43. Rf8 d3 44. Rxf7 d2 45. Re7+ Kd5 46. Re5+
Kd6 47. Re8 Kd7 48. Re2 d1=Q 49. Rxc2 Qxc2 50. Kg3 Qd3+ 51. Kh2 Qe3 52. g3 Qf2+
53. Kh1 Qxg3 54. f5 Qxh3+ 55. Kg1 Qxf5 56. Kh1 Qg4 57. Kh2 Ke6 58. Kh1 Ke5 59.
Kh2 Ke4 60. Kh1 Kf3 0-1

[Event "Russian Championship G11 2016"]
[Site "Loo"]
[Date "2016.04.23"]
[Round "4.2"]
[White "Cherepanova, Evita"]
[Black "Alekseenko, Mariya"]
[Result "1-0"]
[WhiteElo "1689"]
[BlackElo "1604"]
[PlyCount "127"]
[EventDate "2016.04.20"]

1. d4 d5 2. Nf3 e6 3. c4 Nf6 4. Nc3 Be7 5. cxd5 exd5 6. Bg5 c6 7. e3 Bf5 8. Bd3
Bxd3 9. Qxd3 Nbd7 10. O-O O-O 11. Rab1 Ne4 12. Bxe7 Qxe7 13. Qc2 Rfe8 14. b4
Nxc3 15. Qxc3 Rac8 16. a4 Nb6 17. Qb3 Nc4 18. b5 Na5 19. Qb4 Qxb4 20. Rxb4 b6
21. bxc6 Rxc6 22. Ne5 Rc7 23. Rb5 f6 24. Nd3 Rd8 25. Nf4 Rcd7 26. h4 Kf7 27.
Rc1 Nc4 28. Nxd5 Nd6 29. Rb3 Nf5 30. Nb4 Nxh4 31. Nc6 Re8 32. Rbc3 Nf5 33. Nb4
Ne7 34. Rc7 Red8 35. Kf1 Ke6 36. Ke2 Kd6 37. R7c2 Rb7 38. Nd3 Rdd7 39. Nf4 g6
40. Kd3 Rbc7 41. e4 Nc6 42. Rc4 Ne7 43. Rxc7 Rxc7 44. e5+ fxe5 45. dxe5+ Kd7
46. Rd1 Ke8 47. Rh1 h5 48. e6 Rc5 49. g4 Kf8 50. gxh5 gxh5 51. Rxh5 Rxh5 52.
Nxh5 a6 53. f4 Nc6 54. f5 Ke7 55. Kc4 Nd8 56. Kd5 Nxe6 57. fxe6 b5 58. axb5
axb5 59. Nf4 b4 60. Nd3 b3 61. Nb2 Ke8 62. Kd6 Kd8 63. e7+ Ke8 64. Nd3 1-0

[Event "Russian Championship G11 2016"]
[Site "Loo"]
[Date "2016.04.23"]
[Round "4.3"]
[White "Platuschikhina, Darya"]
[Black "Mikheeva, Galina"]
[Result "0-1"]
[WhiteElo "1412"]
[BlackElo "1533"]
[PlyCount "100"]
[EventDate "2016.04.20"]

1. e4 e5 2. Nf3 Nc6 3. Bc4 Bc5 4. b4 Bxb4 5. c3 Ba5 6. d4 d6 7. O-O Nf6 8. dxe5
dxe5 9. Qxd8+ Nxd8 10. Ba3 Be6 11. Bd3 Nc6 12. Bb5 O-O-O 13. Bxc6 bxc6 14. Nxe5
Kb7 15. Be7 Rdg8 16. Re1 Nd7 17. Nxd7 Bxd7 18. Na3 Bxc3 19. Rab1+ Ka8 20. Rec1
Re8 21. Rxc3 Rxe7 22. f3 Rb8 23. Rd1 Be6 24. Rxc6 Bxa2 25. Rdc1 Rb7 26. Ra1 Be6
27. Ra6 Rd7 28. Kf2 Rb6 29. Ra5 a6 30. Nb5 Kb7 31. Nc3 Rd2+ 32. Kg3 Rc2 33. Na4
Rb5 34. Rxb5+ axb5 35. Rb1 Kc6 36. Nb2 Ba2 37. Nd3 Bxb1 38. Nb4+ Kc5 39. Nxc2
Bxc2 40. Kf4 b4 41. e5 b3 42. e6 fxe6 43. Ke5 b2 44. f4 b1=Q 45. Kxe6 Bb3+ 46.
Kd7 Qg6 47. f5 Qd6+ 48. Kc8 Kc6 49. Kb8 Kb6 50. f6 Qd8# 0-1

[Event "Russian Championship G11 2016"]
[Site "Loo"]
[Date "2016.04.23"]
[Round "4.4"]
[White "Novozhilova, Polina"]
[Black "Shirokova, Sofiya"]
[Result "1/2-1/2"]
[WhiteElo "1494"]
[BlackElo "1408"]
[PlyCount "104"]
[EventDate "2016.04.20"]

1. d4 d5 2. e4 e6 3. exd5 exd5 4. Nf3 Nf6 5. Bg5 Be7 6. Bd3 O-O 7. O-O Bg4 8.
h3 Bh5 9. c3 Ne4 10. Bxe7 Qxe7 11. Re1 f5 12. Nbd2 c6 13. Qb3 Kh8 14. Qc2 Qc7
15. Ne5 Nd7 16. Ndf3 Ndf6 17. Nh4 Nd7 18. Nhf3 Rf6 19. Nxd7 Qxd7 20. Ne5 Qc7
21. c4 dxc4 22. Bxe4 fxe4 23. Qxe4 Raf8 24. f3 b5 25. Rac1 Qd6 26. b3 Rf4 27.
Qxc6 Qxd4+ 28. Kh1 cxb3 29. axb3 Qb6 30. Qxb6 axb6 31. Nd7 Rd8 32. Nxb6 Rb4 33.
Re5 Bf7 34. Rcc5 Rb8 35. Rxb5 Rxb6 36. Rbc5 Rb8 37. Re7 Bxb3 38. Rcc7 Rg8 39.
Kh2 h6 40. Kg3 Kh7 41. f4 h5 42. f5 Kh6 43. Rc6+ Kh7 44. f6 Kh8 45. f7 Rf8 46.
Re8 Rb8 47. Rb6 Rfxe8 48. fxe8=Q+ Rxe8 49. Rxb3 Re4 50. Rb5 g6 51. Kf3 Ra4 52.
Rb7 Kg8 1/2-1/2

[Event "Russian Championship G11 2016"]
[Site "Loo"]
[Date "2016.04.23"]
[Round "4.5"]
[White "Smagulova, Zhanbota"]
[Black "Melenchuk, Olga"]
[Result "1-0"]
[WhiteElo "1289"]
[BlackElo "1579"]
[PlyCount "95"]
[EventDate "2016.04.20"]

1. d4 d5 2. c4 e6 3. Nc3 c6 4. Nf3 dxc4 5. e3 b5 6. a4 Bb4 7. Bd2 a5 8. axb5
Bxc3 9. Bxc3 cxb5 10. b3 Bb7 11. bxc4 b4 12. Bb2 Nd7 13. Bd3 Ngf6 14. O-O Be4
15. Qe2 O-O 16. Rfd1 Qc7 17. Nd2 Bxd3 18. Qxd3 Rfd8 19. Qc2 Qc6 20. e4 Rdc8 21.
Qd3 Rcb8 22. d5 exd5 23. exd5 Qd6 24. Nf3 a4 25. Nd4 Ne5 26. Qe2 Re8 27. Nb5
Qb8 28. d6 Ned7 29. Qd2 Rd8 30. Qxb4 Re8 31. Rxa4 Rxa4 32. Qxa4 Re2 33. Qb4 Qe8
34. Bxf6 Nxf6 35. h3 Nd7 36. Nc7 Qd8 37. Ra1 Nb8 38. Ra8 h6 39. Rxb8 Re1+ 40.
Kh2 Qxb8 41. Qxb8+ Kh7 42. d7 Rd1 43. d8=Q Rxd8 44. Qxd8 h5 45. Qe7 Kh6 46.
Qxf7 Kh7 47. Ne6 Kh8 48. Qxg7# 1-0

[Event "Russian Championship G11 2016"]
[Site "Loo"]
[Date "2016.04.23"]
[Round "4.6"]
[White "Kudryavtseva, Anastasia"]
[Black "Surovtseva, Alisa"]
[Result "1-0"]
[WhiteElo "1243"]
[BlackElo "1511"]
[PlyCount "215"]
[EventDate "2016.04.20"]

1. d4 d5 2. Nf3 Nf6 3. Bf4 Bf5 4. e3 e6 5. Ne5 Nbd7 6. g4 Bg6 7. h4 h6 8. Nxg6
fxg6 9. Bd3 Bd6 10. Bxg6+ Ke7 11. Bxd6+ cxd6 12. Nc3 Qb6 13. Rb1 Qc6 14. Rg1
Nb6 15. Bd3 Ne4 16. Nxe4 dxe4 17. Be2 Rac8 18. c3 Nc4 19. Bxc4 Qxc4 20. a3 Rhf8
21. Qe2 Qa2 22. Rc1 Rf3 23. Rh1 a6 24. Qc2 d5 25. a4 Qc4 26. b3 Qc7 27. c4 dxc4
28. bxc4 Qa5+ 29. Ke2 Rcf8 30. Rh2 Qc7 31. Rch1 Qc6 32. Qb3 Rc8 33. c5 Rcf8 34.
Rg2 Rd8 35. Rb1 Rd7 36. h5 Ke8 37. Qc4 Qd5 38. Qxd5 exd5 39. Rb6 Ke7 40. Rg6
Kf8 41. g5 hxg5 42. R2xg5 Rdf7 43. Rg2 a5 44. h6 gxh6 45. Rxh6 Ke8 46. Rd6 R3f5
47. Rb6 Kd8 48. Rb5 R5f6 49. Rxa5 Kc7 50. Rb5 Ra6 51. a5 Raf6 52. Rb6 Rf5 53.
a6 bxa6 54. Rxa6 Kb7 55. Rb6+ Kc7 56. Rbg6 Kb7 57. Rg7 Rxf2+ 58. Rxf2 Rxg7 59.
Rf5 Kc6 60. Rf6+ Kc7 61. Rd6 Rg2+ 62. Kf1 Rg3 63. Kf2 Rf3+ 64. Ke2 Rf5 65. Rh6
Rg5 66. Rh2 Rf5 67. Rf2 Rh5 68. Kd2 Rg5 69. Kc3 Rg3 70. Re2 Kc6 71. Kd2 Rh3 72.
Rf2 Rg3 73. Ke2 Rh3 74. Rg2 Rh6 75. Kf2 Rf6+ 76. Ke2 Rh6 77. Rf2 Rg6 78. Rf8
Rg2+ 79. Kf1 Rg5 80. Rf6+ Kc7 81. Kf2 Rg4 82. Rf4 Rg5 83. Rh4 Rf5+ 84. Kg2 Rg5+
85. Kh2 Rf5 86. Rg4 Kc6 87. Kg2 Kc7 88. Rg6 Kd7 89. Rh6 Kc7 90. Rd6 Rf3 91.
Rxd5 Rxe3 92. Re5 Kd7 93. Kf2 Rf3+ 94. Ke2 Ra3 95. Rxe4 Ra2+ 96. Kd3 Ra3+ 97.
Kc4 Ra1 98. Kd5 Ra6 99. Rh4 Ke7 100. Rh7+ Kd8 101. c6 Ra4 102. Ke5 Ra1 103. Kd6
Ke8 104. d5 Re1 105. c7 Rc1 106. Rh8+ Kf7 107. c8=Q Rxc8 108. Rxc8 1-0

[Event "Russian Championship G11 2016"]
[Site "Loo"]
[Date "2016.04.23"]
[Round "4.7"]
[White "Badmaeva, Elzjata"]
[Black "Kuznetsova, Marina"]
[Result "0-1"]
[WhiteElo "1477"]
[BlackElo "1312"]
[PlyCount "78"]
[EventDate "2016.04.20"]

1. e4 e5 2. Nc3 Nf6 3. Nf3 Nc6 4. d4 exd4 5. Nxd4 Bb4 6. Nxc6 bxc6 7. Bd3 d5 8.
exd5 cxd5 9. O-O O-O 10. Bg5 c6 11. Qf3 h6 12. Bxf6 Qxf6 13. Qxf6 gxf6 14. Ne2
Bd6 15. Nd4 c5 16. Nf3 c4 17. Be2 Be5 18. c3 Rb8 19. Rab1 Bf5 20. Rbc1 Rxb2 21.
Rfe1 Rxa2 22. Bf1 Bd6 23. Rcd1 Bc5 24. Re2 Rxe2 25. Bxe2 Be6 26. Nd4 Rb8 27. h3
Rb2 28. Bf3 a5 29. Nc6 Rxf2 30. Kh1 a4 31. Bxd5 a3 32. Bxe6 fxe6 33. Nb4 Bxb4
34. cxb4 Rb2 35. Ra1 a2 36. Kh2 c3 37. b5 c2 38. b6 Rxb6 39. Rxa2 c1=Q 0-1

[Event "Russian Championship G11 2016"]
[Site "Loo"]
[Date "2016.04.23"]
[Round "4.8"]
[White "Nikolaeva, Nadezhda"]
[Black "Alimova, Dana"]
[Result "0-1"]
[WhiteElo "1237"]
[BlackElo "1458"]
[PlyCount "128"]
[EventDate "2016.04.20"]

1. d4 Nf6 2. c4 e6 3. Nc3 d5 4. cxd5 exd5 5. Bg5 c6 6. Qc2 Bd6 7. e3 Nbd7 8.
Bd3 Nf8 9. Nge2 Ng6 10. O-O h6 11. Bxf6 Qxf6 12. Ng3 O-O 13. Rad1 Re8 14. e4
Qg5 15. exd5 cxd5 16. Qb3 Nf4 17. Bb5 Rf8 18. Rfe1 h5 19. Bf1 h4 20. Nge2 Nh3+
21. Kh1 Nxf2+ 22. Kg1 Nxd1 23. Rxd1 h3 24. Qxd5 Qxd5 25. Nxd5 hxg2 26. Bxg2 Bg4
27. Rd2 Bxe2 28. Rxe2 Rfe8 29. Rd2 Rac8 30. Nc3 b6 31. a3 Bf4 32. Rd1 Be3+ 33.
Kf1 Re6 34. Nd5 Ree8 35. Nxe3 Rxe3 36. Kf2 Rce8 37. Rd2 Rb3 38. Bd5 Rb5 39. Bc6
Rf5+ 40. Kg2 Re6 41. Bf3 Rg6+ 42. Kf2 Rh6 43. Kg2 Rg5+ 44. Kf1 Rf5 45. Kg2 Rhf6
46. Rf2 g5 47. h3 Rd6 48. Rd2 Rf4 49. d5 f5 50. Kg3 Rc4 51. Rd3 Rc2 52. b3 Kg7
53. Bg2 Kg6 54. Bf3 f4+ 55. Kg4 Rc7 56. Be4+ Kf6 57. h4 gxh4 58. Kxf4 Rc8 59.
Rh3 Rh8 60. Re3 h3 61. Bh1 h2 62. Re5 Rh4+ 63. Kg3 Kxe5 64. Kxh4 Rxd5 0-1

[Event "Russian Championship G11 2016"]
[Site "Loo"]
[Date "2016.04.23"]
[Round "4.9"]
[White "Palchun, Polina"]
[Black "Poliato, Irina"]
[Result "1-0"]
[WhiteElo "1431"]
[BlackElo "1140"]
[PlyCount "119"]
[EventDate "2016.04.20"]

1. d4 d5 2. c4 e6 3. Nc3 Nf6 4. Bg5 Nbd7 5. Nf3 c6 6. cxd5 exd5 7. Qc2 Qa5 8.
e3 Ne4 9. Rc1 Bb4 10. Bd3 Nxg5 11. Nxg5 h6 12. Nf3 Nf6 13. O-O O-O 14. Ne5 Be6
15. a3 Bxc3 16. Qxc3 Qxc3 17. Rxc3 Rac8 18. f3 Nd7 19. Nxd7 Bxd7 20. e4 f6 21.
Re1 Rfe8 22. Kf2 Be6 23. Bc2 Kf8 24. Rce3 Bf7 25. Bb3 Rcd8 26. exd5 cxd5 27.
Rc1 Rxe3 28. Kxe3 Re8+ 29. Kf2 Re7 30. Rc5 Rd7 31. Ba4 Re7 32. Rc8+ Be8 33. Rd8
b5 34. Bxb5 Re6 35. Bxe8 Rxe8 36. Rxe8+ Kxe8 37. Ke3 Ke7 38. b4 Kd6 39. Kd3 g5
40. g4 Kc6 41. Kc3 Kb5 42. Kb3 a6 43. a4+ Kb6 44. h3 Kc6 45. Kc3 Kb6 46. Kd3
Kc6 47. Ke3 Kd6 48. Kf2 Ke6 49. Kg3 Kd6 50. f4 Kc6 51. Kf3 Kb6 52. fxg5 fxg5
53. Ke3 Kc6 54. Kd3 Kb6 55. Kc3 Kc6 56. a5 Kb7 57. Kb3 Kc7 58. Ka4 Kc6 59. b5+
axb5+ 60. Kb4 1-0

[Event "Russian Championship G11 2016"]
[Site "Loo"]
[Date "2016.04.23"]
[Round "4.16"]
[White "Tochilina, Margarita"]
[Black "Zavivaeva, Emilia"]
[Result "0-1"]
[WhiteElo "1256"]
[BlackElo "1497"]
[PlyCount "120"]
[EventDate "2016.04.20"]

1. e4 e6 2. d4 d5 3. Nd2 c5 4. exd5 Qxd5 5. Ngf3 cxd4 6. Bc4 Qd6 7. Nb3 Nc6 8.
Nbxd4 Nxd4 9. Nxd4 Qb4+ 10. Bd2 Qxc4 11. Ne2 Nf6 12. O-O Be7 13. Nc3 O-O 14.
Qf3 Bd7 15. Rad1 Bc6 16. Qg3 Ne4 17. Qg4 Nxd2 18. Qxc4 Nxc4 19. b3 Ne5 20. Rfe1
Ng6 21. Ne2 Rad8 22. Rb1 Rd2 23. c4 Rxa2 24. Nd4 Bc5 25. Ne2 Be4 26. Rbd1 Bb4
27. Nc1 Bxe1 28. Nxa2 Ba5 29. b4 Bc7 30. h3 Be5 31. f3 Bc2 32. Rd2 Bb3 33. c5
Bg3 34. b5 Bxa2 35. Rxa2 Rd8 36. Ra1 Rd5 37. Rc1 Nf4 38. Kf1 Rd2 39. Rb1 Rf2+
40. Kg1 Rxg2+ 41. Kh1 Ne2 42. Kxg2 Bc7 43. Kf2 Nf4 44. Ke3 Nd5+ 45. Kd4 f6 46.
Ra1 Be5+ 47. Kc4 Bxa1 48. c6 bxc6 49. bxc6 Be5 50. Kb5 Bc7 51. Ka6 Bb6 52. f4
g5 53. fxg5 f5 54. g6 hxg6 55. h4 Nb4+ 56. Kb7 Nxc6 57. h5 f4 58. h6 f3 59. h7+
Kxh7 60. Ka8 f2 0-1

[Event "Russian Championship G11 2016"]
[Site "Loo"]
[Date "2016.04.23"]
[Round "4.17"]
[White "Yusupova, Elina"]
[Black "Magizova, Yana"]
[Result "1-0"]
[WhiteElo "1243"]
[BlackElo "1490"]
[PlyCount "93"]
[EventDate "2016.04.20"]

1. d4 Nf6 2. Nf3 e6 3. e3 d5 4. Bd3 c5 5. b3 cxd4 6. exd4 Bd6 7. Bb2 O-O 8. O-O
Qc7 9. Ne5 Nc6 10. f4 Qb6 11. Rf3 Nxe5 12. fxe5 Bxe5 13. c3 Ng4 14. Rh3 Nh6 15.
Bc1 Bxd4+ 16. Kh1 e5 17. Rxh6 gxh6 18. cxd4 exd4 19. Qh5 Re8 20. Bd2 Qc6 21.
Na3 Re6 22. Qg4+ Kf8 23. Qxd4 Kg8 24. Qg4+ Kf8 25. Bb4+ Ke8 26. Bb5 Kd8 27.
Bxc6 Re1+ 28. Rxe1 Bxg4 29. Re8+ Kc7 30. Rxa8 Kxc6 31. Rxa7 Bc8 32. Bf8 h5 33.
Kg1 Kc7 34. Ra5 Be6 35. Rc5+ Kb6 36. Rc3 Ka5 37. Kf2 b5 38. Nc2 Bf5 39. Nd4 Be4
40. Rc5 f5 41. Rxb5+ Ka6 42. b4 Ka7 43. Bc5+ Ka6 44. a4 h4 45. Rb6+ Ka7 46.
Nc6+ Ka8 47. Rb8# 1-0

[Event "Russian Championship G11 2016"]
[Site "Loo"]
[Date "2016.04.23"]
[Round "4.18"]
[White "Shvedova, Alexandra"]
[Black "Maikovets, Yana"]
[Result "1/2-1/2"]
[WhiteElo "1410"]
[BlackElo "1099"]
[PlyCount "101"]
[EventDate "2016.04.20"]

1. e4 c5 2. Nf3 d6 3. d4 cxd4 4. Nxd4 Nf6 5. Nc3 a6 6. Be3 e5 7. Nb3 Be6 8. Qd2
Be7 9. f4 b5 10. f5 Bd7 11. h3 Bc6 12. Bd3 Nbd7 13. a3 Nc5 14. Nxc5 dxc5 15.
Bg5 c4 16. Bxf6 Bxf6 17. Bf1 Qxd2+ 18. Kxd2 O-O-O+ 19. Ke3 Bg5+ 20. Kf3 Rd2 21.
Rc1 Rf2+ 22. Kxf2 Bxc1 23. Bxc4 Bxb2 24. Bd5 Bxd5 25. Nxd5 Bxa3 26. Ra1 Bc5+
27. Kf3 Kb7 28. Kg4 Ra8 29. f6 g6 30. Kg5 h5 31. Kh6 Kc6 32. Kg7 a5 33. Kxf7 a4
34. Kxg6 Rg8+ 35. Kf5 Rxg2 36. Kxe5 Rxc2 37. Ne7+ Kb6 38. Ke6 Rf2 39. f7 a3 40.
e5 b4 41. h4 b3 42. Nd5+ Ka5 43. Ne3 b2 44. Nc4+ Kb4 45. Nxb2 Rxb2 46. Kd7 Kb3
47. e6 Kc2 48. Rh1 a2 49. Rh2+ Kb3 50. Rxb2+ Kxb2 51. e7 1/2-1/2

[Event "Russian Championship G11 2016"]
[Site "Loo"]
[Date "2016.04.23"]
[Round "4.25"]
[White "Kuznetsova, Yulia"]
[Black "Kuznetsova, Olga"]
[Result "1-0"]
[WhiteElo "1295"]
[BlackElo "1249"]
[PlyCount "115"]
[EventDate "2016.04.20"]

1. e4 e5 2. Nf3 Nc6 3. Bc4 Bc5 4. Nc3 Nf6 5. d3 h6 6. Be3 Bb6 7. Qd2 d6 8. Bb3
Be6 9. a3 Bxb3 10. cxb3 O-O 11. h3 Nd4 12. Bxd4 Bxd4 13. g4 a6 14. Rg1 Kh8 15.
g5 hxg5 16. Qxg5 Rg8 17. Qh4+ Nh7 18. Ng5 Qxg5 19. Rxg5 g6 20. Qh6 Rg7 21. h4
Kg8 22. Rg2 Nf6 23. Qg5 Nd7 24. h5 Bxc3+ 25. bxc3 f6 26. Qg3 Rf8 27. h6 Rh7 28.
Qxg6+ Kh8 29. Kd2 Nc5 30. Rag1 Nxb3+ 31. Kc2 Rhf7 32. Qg7+ Rxg7 33. hxg7+ Kg8
34. Rh2 Kf7 35. Rh8 Rg8 36. Rxg8 Kxg8 37. Kxb3 b6 38. a4 a5 39. Kc2 c6 40. c4
c5 41. f3 f5 42. exf5 Kf7 43. g8=R Kf6 44. R1g5 Kf7 45. R5g6 Ke7 46. f6+ Ke6
47. R8g7 Kf5 48. f7 Kf4 49. f8=R+ Ke3 50. Rxd6 Ke2 51. Rg2+ Ke3 52. Re6 Kd4 53.
Rg4+ Ke3 54. Rxe5+ Kf2 55. Kd2 Kf1 56. Re2 b5 57. Rh8 bxa4 58. Rh1# 1-0

[Event "Russian Championship G13 1st league 2016"]
[Site "Loo"]
[Date "2016.04.23"]
[Round "4.1"]
[White "Semenova, Dariya"]
[Black "Dedushinskaya, Anna"]
[Result "0-1"]
[WhiteElo "1511"]
[BlackElo "1366"]
[PlyCount "50"]
[EventDate "2016.04.20"]

1. e4 c6 2. d4 d5 3. Nd2 dxe4 4. Nxe4 Nf6 5. Ng3 Qb6 6. c3 c5 7. Nf3 cxd4 8.
cxd4 Bg4 9. h3 Bxf3 10. Qxf3 Nc6 11. d5 Nd4 12. Qd1 Nxd5 13. Bc4 Qb4+ 14. Bd2
Qxc4 15. Rc1 Qxa2 16. Qg4 Nc6 17. Qf3 e6 18. Ne4 Qxb2 19. O-O Nd4 20. Qd3 Nf4
21. Bxf4 Ne2+ 22. Kh1 Nxf4 23. Nd6+ Bxd6 24. Qxd6 Nd5 25. Rfd1 Rd8 0-1